Statistics for Which country is bigger

Click here to take the quiz!

General Stats

  • This quiz has been taken 39 times
  • The average score is 12 of 15

Answer Stats

QuestionAnswer% Correct
Brazil or French GuianaBrazil
100%
Jordan or VietnamVietnam
97%
Gabon or AngolaAngola
90%
Canada or TunisiaCanada
90%
Cameroon or AlgeriaAlgeria
87%
Greece or MongoliaMongolia
87%
Germany or MoldovaGermany
84%
Sri Lanka or SwedenSweden
84%
Taiwan or BangladeshBangladesh
77%
Egypt or Central African republic (CAR)Egypt
77%
Tunisia or EthiopiaEthiopia
77%
Dominican Republic (DR) or MoroccoMorocco
77%
south Korea or SomaliaSomalia
77%
Austria or MyanmarMyanmar
61%
Uruguay or IcelandUruaguay
48%

Score Distribution

Percentile by Number Answered

Percent of People with Each Score

Your Score History

You have not taken this quiz